| 000 | 00487nam a22001577a 4500 | ||
|---|---|---|---|
| 005 | 20251108164906.0 | ||
| 008 | 250721s9999 xx 000 0 ara d | ||
| 082 | 1 | 4 | _a646.2/زيل |
| 100 | 1 | _aالزيلع، خير الدين | |
| 245 | 1 | 0 | _aقواعد تفصيل الخياطة للأطفال / |
| 264 | 1 |
_aبيوت : _bمنشورات دار و مكتبة الحياة، _c[19-]. |
|
| 300 | _a259ص : رسومات | ||
| 650 | 1 | 7 | _aالخياطة |
| 942 |
_2ddc _cBK |
||
| 999 |
_c16818 _d16818 |
||